[Event "XX Festival A"]
[Site "Porto San Giorgio ITA"]
[Date "2008.08.23"]
[Round "3"]
[White "Peredy, Ferenc"]
[Black "Cioara, Andrei Nestor"]
[Result "0-1"]
[WhiteElo "2251"]
[BlackElo "2452"]
[PlyCount "84"]
[EventDate "2008.08.21"]

1. e4 c6 2. Nc3 d5 3. Nf3 Bg4 4. h3 Bxf3 5. Qxf3 e6 6. d3 Bb4 7. a3 Ba5 8. Bd2
Nd7 9. g4 d4 10. Nb1 Bxd2+ 11. Nxd2 e5 12. h4 Ne7 13. h5 h6 14. Qg3 Ng8 15. f4
exf4 16. Qxf4 Qb8 17. Qxb8+ Rxb8 18. Nf3 c5 19. c3 dxc3 20. bxc3 Ngf6 21. Rg1
O-O 22. Kd2 Rfe8 23. Re1 Ne5 24. Nxe5 Rxe5 25. c4 Nh7 26. Be2 Ng5 27. Rgf1 g6
28. Rb1 Kg7 29. Bd1 Ne6 30. Rf2 Nd4 31. Kc3 Re6 32. Rfb2 b6 33. Rf2 Rd8 34. a4
Nc6 35. Rbb2 Red6 36. Rbd2 Ne5 37. Be2 Rd4 38. Rd1 Nxc4 39. Rdf1 Ne5 40. a5 b5
41. Rf6 R8d6 42. R6f2 Rd7 0-1

[Event "XX Festival A"]
[Site "Porto San Giorgio ITA"]
[Date "2008.08.23"]
[Round "3"]
[White "Piva, Giorgio"]
[Black "Boscolo, Marco"]
[Result "1/2-1/2"]
[WhiteElo "2167"]
[BlackElo "2071"]
[PlyCount "79"]
[EventDate "2008.08.21"]

1. d4 Nf6 2. Bf4 e6 3. e3 d5 4. Nd2 Bd6 5. Bg3 c5 6. c3 Nc6 7. Ngf3 Qe7 8. Ne5
O-O 9. Bd3 Bd7 10. f4 Ne8 11. Qh5 f5 12. Bh4 Nf6 13. Qe2 Qe8 14. Bxf6 Rxf6 15.
g4 c4 16. Bc2 Ne7 17. O-O Bxe5 18. dxe5 Rf8 19. g5 b5 20. Nf3 Nc6 21. Qd2 Qe7
22. Nd4 Nxd4 23. Qxd4 a5 24. a3 Rfb8 25. Rf2 Be8 26. Bd1 b4 27. axb4 axb4 28.
Rxa8 Rxa8 29. Kg2 Ba4 30. Bf3 Qa7 31. Qd2 bxc3 32. Qxc3 Bb3 33. Rd2 Qc5 34. Kf2
Ra1 35. Qd4 Qxd4 36. exd4 Ra2 37. Ke3 Ra1 38. Kf2 Rc1 39. Ke3 Ra1 40. Kf2
1/2-1/2

[Event "XX Festival A"]
[Site "Porto San Giorgio ITA"]
[Date "2008.08.23"]
[Round "3"]
[White "Rago, Riccardo"]
[Black "Saccona, Silvano"]
[Result "1/2-1/2"]
[WhiteElo "2059"]
[BlackElo "2168"]
[PlyCount "93"]
[EventDate "2008.08.21"]

1. e4 c6 2. d4 d5 3. Nc3 dxe4 4. Nxe4 Nf6 5. Ng3 Bg4 6. Be2 Bxe2 7. N1xe2 e6 8.
Be3 Nbd7 9. Qd2 Nb6 10. O-O Be7 11. b3 O-O 12. c4 Re8 13. Rad1 a5 14. a4 Nbd7
15. Qc2 Nf8 16. Ne4 Ng4 17. Bc1 Ng6 18. h3 Nf6 19. Ng5 Qc7 20. Nf3 Rad8 21. Bb2
Rb8 22. Ne5 Nxe5 23. dxe5 Nd7 24. f4 Rbd8 25. Kh1 g6 26. Ng3 Nc5 27. Bd4 Na6
28. Ne4 c5 29. Bc3 b6 30. Qe2 Rxd1 31. Rxd1 Rd8 32. Rd3 Rxd3 33. Qxd3 Qd8 34.
Qxd8+ Bxd8 35. Nd6 Nb8 36. g3 Nc6 37. Kg2 Be7 38. Nb5 Kf8 39. Kf3 h5 40. g4
hxg4+ 41. hxg4 Ke8 42. Ke4 Kd7 43. Na3 Na7 44. Nc2 Nc6 45. Ne3 Bf8 46. g5 Ne7
47. Nc2 1/2-1/2

[Event "XX Festival A"]
[Site "Porto San Giorgio ITA"]
[Date "2008.08.23"]
[Round "3"]
[White "Schweizer, Manfred"]
[Black "Andonov, Bogomil"]
[Result "0-1"]
[WhiteElo "2117"]
[BlackElo "2326"]
[PlyCount "72"]
[EventDate "2008.08.21"]

1. e4 d6 2. d4 Nf6 3. Nc3 e5 4. dxe5 dxe5 5. Qxd8+ Kxd8 6. Bg5 Be6 7. Nf3 Nbd7
8. Rd1 Kc8 9. a3 Bd6 10. Bb5 a6 11. Be2 Ne8 12. O-O b5 13. Nd2 Bc5 14. Nd5 c6
15. Nb4 f6 16. Be3 Bxe3 17. fxe3 Kc7 18. c4 bxc4 19. Bxc4 Bxc4 20. Nxc4 a5 21.
Rxd7+ Kxd7 22. Nb6+ Ke6 23. Nxa8 axb4 24. Rc1 bxa3 25. bxa3 Nd6 26. Nb6 Nxe4
27. Rxc6+ Kf5 28. Kf1 Rd8 29. Rc2 Rd3 30. Nc4 Nc3 31. Kf2 h5 32. Rd2 Ne4+ 33.
Ke2 Rc3 34. Nd6+ Nxd6 35. Rxd6 Ke4 36. Ra6 Rc2+ 0-1

[Event "XX Festival A"]
[Site "Porto San Giorgio ITA"]
[Date "2008.08.23"]
[Round "3"]
[White "Stromboli, Ettore"]
[Black "Fercec, Nenad"]
[Result "0-1"]
[WhiteElo "2300"]
[BlackElo "2486"]
[PlyCount "63"]
[EventDate "2008.08.21"]

1. e4 c5 2. Nf3 d6 3. d4 cxd4 4. Nxd4 Nf6 5. f3 e5 6. Bb5+ Nbd7 7. Nf5 d5 8.
exd5 a6 9. Bxd7+ Qxd7 10. Ne3 Bc5 11. Nc3 O-O 12. O-O b5 13. Kh1 Bxe3 14. Bxe3
b4 15. Ne4 Nxd5 16. Nc5 Qc6 17. Qe2 Bf5 18. Rac1 Rfe8 19. Bf2 Nf4 20. Qe3 Qg6
21. Bg3 Rac8 22. Nd3 Bxd3 23. cxd3 Nxd3 24. Rxc8 Rxc8 25. Bxe5 Rc2 26. Bg3 h5
27. f4 h4 28. Qe8+ Kh7 29. f5 Qg4 30. Qe3 h3 31. gxh3 Qxh3 32. Qg1 0-1

[Event "XX Festival A"]
[Site "Porto San Giorgio ITA"]
[Date "2008.08.23"]
[Round "3"]
[White "Tomescu, Vlad"]
[Black "Maiorov, Nikita"]
[Result "1-0"]
[WhiteElo "2405"]
[BlackElo "2535"]
[PlyCount "73"]
[EventDate "2008.08.21"]

1. d4 Nf6 2. c4 e6 3. Nc3 Bb4 4. f3 d5 5. e3 O-O 6. a3 Bxc3+ 7. bxc3 c5 8. cxd5
exd5 9. Bd3 b6 10. Ne2 Ba6 11. Bxa6 Nxa6 12. O-O Nc7 13. a4 Re8 14. Re1 Ne6 15.
Ng3 Rc8 16. Bb2 Qc7 17. Rc1 Qd7 18. e4 Red8 19. exd5 Nxd5 20. c4 Nb4 21. d5 Nf4
22. Rc3 Re8 23. Re4 Ng6 24. Rce3 Rxe4 25. Rxe4 Re8 26. Nh5 Rxe4 27. fxe4 Qe7
28. d6 Qg5 29. d7 Nc6 30. Bxg7 Nf4 31. Nxf4 Qxf4 32. Bb2 Qe3+ 33. Kh1 Nd8 34.
h3 Qf2 35. Be5 Qh4 36. Qg4+ Qxg4 37. hxg4 1-0

[Event "XX Festival A"]
[Site "Porto San Giorgio ITA"]
[Date "2008.08.23"]
[Round "3"]
[White "Tugui, Adrian"]
[Black "Sautto, Daniele"]
[Result "1/2-1/2"]
[WhiteElo "2375"]
[BlackElo "2206"]
[PlyCount "56"]
[EventDate "2008.08.21"]

1. d4 d5 2. c4 c6 3. Nf3 Nf6 4. Nc3 dxc4 5. a4 Na6 6. e4 Bg4 7. Bxc4 Bxf3 8.
gxf3 e6 9. Be3 Nb4 10. f4 Qa5 11. O-O O-O-O 12. Kh1 Be7 13. Rc1 Ne8 14. f5 exf5
15. e5 f6 16. Qf3 Kb8 17. d5 cxd5 18. exf6 gxf6 19. Bf4+ Bd6 20. Nxd5 Nxd5 21.
Bxd5 Bxf4 22. Qxf4+ Nd6 23. Rfd1 Rhe8 24. b4 Qxa4 25. Bxb7 Kxb7 26. Rxd6 Rxd6
27. Qxd6 Qb5 28. h3 Rc8 1/2-1/2

[Event "XX Festival A"]
[Site "Porto San Giorgio ITA"]
[Date "2008.08.23"]
[Round "3"]
[White "Vuelban, Virgilio"]
[Black "Trent, Lawrence"]
[Result "1-0"]
[WhiteElo "2263"]
[BlackElo "2470"]
[PlyCount "123"]
[EventDate "2008.08.21"]

1. e4 e5 2. Nf3 Nc6 3. Bb5 a6 4. Ba4 d6 5. Bxc6+ bxc6 6. d4 f6 7. O-O Ne7 8.
dxe5 dxe5 9. Qe2 Be6 10. Nc3 Ng6 11. Na4 Be7 12. Be3 O-O 13. b3 Qe8 14. Kh1 f5
15. exf5 Rxf5 16. c4 Qf7 17. Nc3 Rf8 18. Ne4 h6 19. Ng3 Rf6 20. Ne4 Rf5 21. Ng3
Rf6 22. Ne4 Bg4 23. Nxf6+ Qxf6 24. h3 Bh5 25. g4 Qxf3+ 26. Qxf3 Rxf3 27. gxh5
Rxh3+ 28. Kg2 Rxh5 29. Kf3 Kf7 30. Rh1 Rf5+ 31. Ke4 Kf6 32. Rag1 Bf8 33. Rd1
Nf4 34. Rd8 Ne6 35. Ra8 Nc5+ 36. Bxc5 Rf4+ 37. Kd3 Bxc5 38. Rh2 Rd4+ 39. Ke2
Bb4 40. Rxa6 Rd6 41. a3 Bc3 42. Rh3 Rd2+ 43. Ke3 Rd6 44. b4 Bd4+ 45. Ke4 Ke7
46. f4 exf4 47. c5 Rd7 48. Rd3 Be3 49. Rxc6 Bc1 50. b5 Rxd3 51. Kxd3 Kd7 52.
Rg6 Bb2 53. a4 f3 54. c6+ Kc8 55. Ke3 Bc3 56. Kxf3 h5 57. Rg5 Kb8 58. Rxh5 Ka7
59. Ke4 Kb6 60. Kd3 Bf6 61. Kc4 Ka5 62. Rh8 1-0

[Event "XX Festival A"]
[Site "Porto San Giorgio ITA"]
[Date "2008.08.24"]
[Round "4"]
[White "Allegranti, Luca"]
[Black "Cristiani, Cesare"]
[Result "1-0"]
[WhiteElo "2026"]
[BlackElo "2168"]
[PlyCount "77"]
[EventDate "2008.08.21"]

1. d4 Nf6 2. Bg5 c5 3. Bxf6 gxf6 4. d5 Qb6 5. Qc1 f5 6. c3 d6 7. g3 Nd7 8. Nh3
Bh6 9. e3 Ne5 10. Be2 Bd7 11. Na3 Qa5 12. O-O b5 13. Qd2 Qb6 14. Nf4 a6 15. Nd3
Ng6 16. Bf3 c4 17. Nf4 Ne5 18. Be2 Rg8 19. Nc2 Bxf4 20. exf4 Ng4 21. Qd4 Qb7
22. Rfe1 Qa7 23. Bf3 Qxd4 24. Nxd4 Rc8 25. Re2 Rc7 26. Rae1 Bc8 27. Nc6 e6 28.
Nd4 Kf8 29. dxe6 fxe6 30. Rxe6 Rg6 31. Re8+ Kg7 32. Ne6+ Bxe6 33. R1xe6 Nf6 34.
R8e7+ Rxe7 35. Rxe7+ Kf8 36. Ra7 d5 37. Rxa6 d4 38. cxd4 b4 39. Rc6 1-0

[Event "XX Festival A"]
[Site "Porto San Giorgio ITA"]
[Date "2008.08.24"]
[Round "4"]
[White "Andonov, Bogomil"]
[Black "Naumkin, Igor"]
[Result "0-1"]
[WhiteElo "2326"]
[BlackElo "2502"]
[PlyCount "64"]
[EventDate "2008.08.21"]

1. Nf3 e6 2. d4 f5 3. Bf4 Nf6 4. h3 b6 5. e3 Bb7 6. Nbd2 Bd6 7. Bxd6 cxd6 8.
Bd3 O-O 9. Qe2 Ne4 10. Rg1 d5 11. g4 f4 12. O-O-O b5 13. g5 Na6 14. Bxb5 Nb4
15. Kb1 Rb8 16. a3 Nxc2 17. Kxc2 Qb6 18. Nxe4 dxe4 19. Ne5 Bc6 20. Nxc6 dxc6
21. Rg4 cxb5 22. Rxf4 Rfc8+ 23. Kb1 b4 24. axb4 Qxb4 25. f3 Qa4 26. fxe4 Rc6
27. Qd3 Ra6 28. Kc1 Rxb2 29. Kxb2 Qa2+ 30. Kc3 Rc6+ 31. Kb4 Rb6+ 32. Kc3 Qb2+
0-1

[Event "XX Festival A"]
[Site "Porto San Giorgio ITA"]
[Date "2008.08.24"]
[Round "4"]
[White "Bontempi, Piero"]
[Black "Dann, Timothy"]
[Result "1-0"]
[WhiteElo "2374"]
[BlackElo "2137"]
[PlyCount "57"]
[EventDate "2008.08.21"]

1. e4 e5 2. Nf3 Nc6 3. d4 exd4 4. Nxd4 Nf6 5. Nxc6 bxc6 6. Bd3 h6 7. e5 Nd5 8.
c4 Nb6 9. O-O Qh4 10. Re1 Bc5 11. Qf3 a5 12. Nc3 Bb4 13. c5 Bxc3 14. Re4 Qe7
15. cxb6 Bb4 16. bxc7 Ra7 17. Rg4 g5 18. h4 Rg8 19. hxg5 hxg5 20. Qg3 Rxc7 21.
Bxg5 Qf8 22. e6 d6 23. exf7+ Qxf7 24. Rf4 Qd5 25. Qe3+ Be6 26. Bc4 Qe5 27. Re4
Qxg5 28. Rxe6+ Kd8 29. Re8+ 1-0

[Event "XX Festival A"]
[Site "Porto San Giorgio ITA"]
[Date "2008.08.24"]
[Round "4"]
[White "Calandri, Fausto"]
[Black "Tugui, Adrian"]
[Result "1/2-1/2"]
[WhiteElo "2138"]
[BlackElo "2375"]
[PlyCount "47"]
[EventDate "2008.08.21"]

1. e4 c5 2. Nf3 d6 3. d4 cxd4 4. Nxd4 Nf6 5. Nc3 a6 6. Bg5 e6 7. f4 Nbd7 8. Qf3
Qc7 9. O-O-O b5 10. e5 Bb7 11. Qh3 dxe5 12. Nxe6 fxe6 13. Qxe6+ Be7 14. Bxf6
gxf6 15. Be2 h5 16. Nd5 Bxd5 17. Rxd5 Nc5 18. Qf5 Qc6 19. Qg6+ Kf8 20. Rhd1 Qe8
21. Qf5 Qc8 22. Qg6 Qe8 23. Qf5 Qc8 24. Qg6 1/2-1/2

[Event "XX Festival A"]
[Site "Porto San Giorgio ITA"]
[Date "2008.08.24"]
[Round "4"]
[White "Calavalle, Giulio"]
[Black "Orsatti, Marcello"]
[Result "1-0"]
[WhiteElo "2231"]
[BlackElo "2004"]
[PlyCount "65"]
[EventDate "2008.08.21"]

1. e4 d6 2. Nc3 Nf6 3. Bc4 c6 4. Bb3 Na6 5. d4 Qa5 6. Bd2 e5 7. d5 c5 8. Ba4+
Bd7 9. Bxd7+ Nxd7 10. Nge2 b5 11. Ng3 Nf6 12. Bg5 b4 13. Nce2 b3+ 14. c3 bxa2
15. Bxf6 gxf6 16. Qb3 Qb6 17. Qa4+ Kd8 18. Rxa2 Nc7 19. Nf5 a6 20. O-O Rb8 21.
Rfa1 Qb5 22. Qc2 h5 23. b4 cxb4 24. cxb4 Qxb4 25. Rc1 Qb6 26. Qa4 Qb5 27. Qd1
Qb3 28. Rac2 Rb7 29. Qd2 Qb5 30. Rc6 Kd7 31. Qc2 Qa5 32. Rxd6+ Bxd6 33. Qc6+
1-0

[Event "XX Festival A"]
[Site "Porto San Giorgio ITA"]
[Date "2008.08.24"]
[Round "4"]
[White "Calella, Sergio"]
[Black "Peredy, Ferenc"]
[Result "0-1"]
[WhiteElo "2123"]
[BlackElo "2251"]
[PlyCount "52"]
[EventDate "2008.08.21"]

1. e4 Nf6 2. e5 Nd5 3. d4 d6 4. c4 Nb6 5. exd6 cxd6 6. Nf3 g6 7. Be2 Bg7 8. Be3
Nc6 9. Nc3 Bg4 10. b3 d5 11. c5 Nc8 12. O-O e6 13. Qd2 N8e7 14. b4 Bxf3 15.
Bxf3 Nf5 16. Ne2 h5 17. b5 Na5 18. Rac1 Nh4 19. Bf4 Nxf3+ 20. gxf3 Nc4 21. Qd3
O-O 22. Nc3 Qf6 23. Ne2 Rac8 24. Kg2 Kh7 25. Bd2 Rfd8 26. Rfd1 Nb2 0-1

[Event "XX Festival A"]
[Site "Porto San Giorgio ITA"]
[Date "2008.08.24"]
[Round "4"]
[White "Calzetta Ruiz, Monica"]
[Black "Foglia, Maurizio"]
[Result "1-0"]
[WhiteElo "2264"]
[BlackElo "2135"]
[PlyCount "87"]
[EventDate "2008.08.21"]

1. e4 d5 2. exd5 Qxd5 3. Nf3 Nf6 4. d4 Bg4 5. Be2 e6 6. Be3 c6 7. h3 Bf5 8. O-O
h6 9. c4 Qd8 10. Nc3 Be7 11. a3 O-O 12. b4 Nbd7 13. Qb3 Ne4 14. Na4 a6 15. Nb2
Bf6 16. Rad1 Qc7 17. Nd3 b5 18. Rc1 Qb7 19. Rfe1 Nd6 20. Nd2 Rac8 21. Bf3 bxc4
22. Nxc4 Nxc4 23. Rxc4 Nb6 24. Nc5 Qa7 25. Rcc1 Nd5 26. Qa4 e5 27. dxe5 Bxe5
28. Bxd5 cxd5 29. Nxa6 Rxc1 30. Rxc1 d4 31. Bd2 Ra8 32. b5 Qb7 33. Qb4 Bd7 34.
a4 Qd5 35. Qc5 Qe4 36. Re1 Qd3 37. Bb4 Re8 38. Rxe5 Qd1+ 39. Kh2 Rc8 40. Nc7 d3
41. b6 Qxa4 42. Rd5 Bc6 43. Rxd3 Bb7 44. Rg3 1-0

[Event "XX Festival A"]
[Site "Porto San Giorgio ITA"]
[Date "2008.08.24"]
[Round "4"]
[White "Cappai, Davide"]
[Black "Piscitelli, Vito"]
[Result "1/2-1/2"]
[WhiteElo "2122"]
[BlackElo "2003"]
[PlyCount "35"]
[EventDate "2008.08.21"]

1. e4 c5 2. Nf3 d6 3. c3 Nf6 4. a3 g6 5. Be2 Bg7 6. O-O O-O 7. d3 e5 8. Nbd2
Nc6 9. b4 b6 10. Bb2 Bb7 11. Qc2 Rc8 12. b5 Ne7 13. Qa4 Qc7 14. Nc4 Nd7 15.
Nfd2 a6 16. bxa6 Ra8 17. Qb3 Bxa6 18. Bg4 1/2-1/2

[Event "XX Festival A"]
[Site "Porto San Giorgio ITA"]
[Date "2008.08.24"]
[Round "4"]
[White "Caprio, Guido"]
[Black "Rago, Riccardo"]
[Result "1-0"]
[WhiteElo "2188"]
[BlackElo "2059"]
[PlyCount "53"]
[EventDate "2008.08.21"]

1. e4 c5 2. Nf3 Nc6 3. d4 cxd4 4. Nxd4 Nf6 5. Nc3 e5 6. Ndb5 d6 7. Bg5 a6 8.
Na3 b5 9. Bxf6 gxf6 10. Nd5 f5 11. Bxb5 axb5 12. Nxb5 Ra4 13. b4 Rxb4 14. Nbc7+
Kd7 15. O-O Rb7 16. Qh5 Ne7 17. Qxf7 Kc6 18. Rab1 fxe4 19. Rxb7 Bxb7 20. Rb1
Qxc7 21. Nf6 d5 22. Qe6+ Kc5 23. Nd7+ Kc4 24. Qh3 Qxd7 25. Qb3+ Kc5 26. Qb6+
Kc4 27. Qb4# 1-0

[Event "XX Festival A"]
[Site "Porto San Giorgio ITA"]
[Date "2008.08.24"]
[Round "4"]
[White "Cioara, Andrei Nestor"]
[Black "Hera, Imre jr"]
[Result "0-1"]
[WhiteElo "2452"]
[BlackElo "2518"]
[PlyCount "68"]
[EventDate "2008.08.21"]

1. d4 d5 2. Nf3 Nf6 3. g3 e6 4. c4 Bb4+ 5. Bd2 Be7 6. Bg2 O-O 7. O-O Nbd7 8.
Nc3 dxc4 9. e4 c6 10. Bf4 Re8 11. a4 a5 12. Qe2 b6 13. Rfd1 Ba6 14. d5 cxd5 15.
exd5 exd5 16. Nxd5 Bd6 17. Qd2 Bxf4 18. Qxf4 Nxd5 19. Rxd5 Qe7 20. Nd4 Nc5 21.
Nf5 Qf6 22. Qg4 Nd3 23. Rf1 Bc8 24. Qf3 Bb7 25. Nd6 Qxf3 26. Bxf3 Bxd5 27. Bxd5
Red8 28. Bxa8 Rxd6 29. Rb1 g6 30. Be4 Kg7 31. Kf1 Kf6 32. f4 Nc5 33. Bc2 Rd2
34. Rc1 Rxh2 0-1

[Event "XX Festival A"]
[Site "Porto San Giorgio ITA"]
[Date "2008.08.24"]
[Round "4"]
[White "Di Donatantonio, Franco"]
[Black "Stromboli, Ettore"]
[Result "0-1"]
[WhiteElo "2135"]
[BlackElo "2300"]
[PlyCount "72"]
[EventDate "2008.08.21"]

1. d3 e6 2. e4 d5 3. Nd2 Nf6 4. Ngf3 b6 5. c3 Bb7 6. Qc2 c5 7. Be2 Nc6 8. O-O
Be7 9. Re1 Qc7 10. exd5 Nxd5 11. Ne4 h6 12. c4 Nf6 13. Bd2 O-O 14. Bc3 Nxe4 15.
dxe4 e5 16. a3 Rad8 17. Rad1 Nd4 18. Nxd4 exd4 19. Bd2 Bd6 20. h3 Bc8 21. Bd3
Be6 22. Rf1 b5 23. Rc1 bxc4 24. Bxc4 Bxc4 25. Qxc4 Qb7 26. e5 Bxe5 27. Qxc5
Qxb2 28. Bxh6 Bf6 29. Bg5 Bxg5 30. Qxg5 d3 31. Ra1 d2 32. Rfb1 Qc2 33. Rd1 Rfe8
34. Qg4 Qc3 35. Qb4 Qf6 36. Qg4 Qxa1 0-1

[Event "XX Festival A"]
[Site "Porto San Giorgio ITA"]
[Date "2008.08.24"]
[Round "4"]
[White "Dragojlovic, Andjelko"]
[Black "Massironi, Marco"]
[Result "1-0"]
[WhiteElo "2400"]
[BlackElo "2145"]
[PlyCount "67"]
[EventDate "2008.08.21"]

1. Nf3 d5 2. g3 Bg4 3. Bg2 Nd7 4. h3 Bh5 5. d3 Ngf6 6. Nbd2 c6 7. e4 dxe4 8.
dxe4 e6 9. O-O Bc5 10. Qe2 O-O 11. e5 Nd5 12. Ne4 Bxf3 13. Bxf3 Bd4 14. Rd1 Qb6
15. c4 Nxe5 16. cxd5 exd5 17. Nc3 Bxf2+ 18. Qxf2 Nxf3+ 19. Kg2 Qxf2+ 20. Kxf2
Ne5 21. Bf4 f6 22. Rac1 g5 23. Be3 h6 24. b3 f5 25. Bd4 Nd7 26. Na4 Rfe8 27.
Rc2 Re4 28. b4 Nf8 29. Nc3 Ree8 30. b5 Ne6 31. bxc6 bxc6 32. Na4 Rab8 33. Nc5
Nc7 34. Nd7 1-0

[Event "XX Festival A"]
[Site "Porto San Giorgio ITA"]
[Date "2008.08.24"]
[Round "4"]
[White "Eperjesi, Laszlo"]
[Black "Farago, Ivan"]
[Result "0-1"]
[WhiteElo "2294"]
[BlackElo "2482"]
[PlyCount "76"]
[EventDate "2008.08.21"]

1. d4 Nf6 2. c4 e6 3. Nc3 Bb4 4. e3 O-O 5. Bd3 d5 6. cxd5 exd5 7. Nge2 Bd6 8.
f3 c5 9. O-O a6 10. dxc5 Bxc5 11. Kh1 Nc6 12. e4 d4 13. Na4 Ba7 14. b3 b5 15.
Nb2 Ne5 16. Bg5 h6 17. Bh4 Qd6 18. a4 Bd7 19. axb5 axb5 20. Qd2 Bc5 21. f4 Nxd3
22. Qxd3 Ng4 23. Rfc1 Ba3 24. Rab1 Rac8 25. h3 Rxc1+ 26. Nxc1 Qxf4 27. Bg3 Nf2+
28. Bxf2 Qxf2 29. Ne2 Bxh3 30. Qf3 Qxf3 31. gxf3 Bxb2 32. Rxb2 Rd8 33. Rd2 d3
34. Nf4 Be6 35. Nd5 Bxd5 36. Rxd3 Kf8 37. Kg2 Ke7 38. exd5 Kd6 0-1

[Event "XX Festival A"]
[Site "Porto San Giorgio ITA"]
[Date "2008.08.24"]
[Round "4"]
[White "Fedorchuk, Sergey A."]
[Black "Vuelban, Virgilio"]
[Result "1-0"]
[WhiteElo "2624"]
[BlackElo "2263"]
[PlyCount "55"]
[EventDate "2008.08.21"]

1. e4 c5 2. Nf3 d6 3. d4 cxd4 4. Nxd4 Nf6 5. Nc3 Nc6 6. Bg5 e6 7. Qd2 Be7 8.
O-O-O O-O 9. f4 h6 10. Bxf6 Bxf6 11. Ndb5 e5 12. g3 a6 13. Nxd6 Nd4 14. Nxc8
Rxc8 15. Bd3 exf4 16. gxf4 Qa5 17. e5 Be7 18. Rhg1 Rfd8 19. Qg2 Bf8 20. Qe4 g6
21. e6 Nxe6 22. Rxg6+ fxg6 23. Qxe6+ Kh8 24. Qf6+ Bg7 25. Qxg6 Kg8 26. Rg1 Rc7
27. Qh7+ Kf8 28. Bc4 1-0

[Event "XX Festival A"]
[Site "Porto San Giorgio ITA"]
[Date "2008.08.24"]
[Round "4"]
[White "Fercec, Nenad"]
[Black "Tomescu, Vlad"]
[Result "1/2-1/2"]
[WhiteElo "2486"]
[BlackElo "2405"]
[PlyCount "44"]
[EventDate "2008.08.21"]

1. e4 c5 2. Nf3 Nc6 3. d4 cxd4 4. Nxd4 Qb6 5. Nb3 Nf6 6. Nc3 e6 7. Be3 Qc7 8.
Bd3 d6 9. f4 a6 10. Qf3 b5 11. g4 Be7 12. g5 Nd7 13. O-O-O Bb7 14. Qh3 b4 15.
Ne2 e5 16. f5 O-O-O 17. f6 gxf6 18. gxf6 Bxf6 19. Rhf1 Kb8 20. Qh5 h6 21. h4
Rdg8 22. Rf2 Qd8 1/2-1/2

[Event "XX Festival A"]
[Site "Porto San Giorgio ITA"]
[Date "2008.08.24"]
[Round "4"]
[White "Ferri, Stefano"]
[Black "Di Caro, Calogero"]
[Result "1/2-1/2"]
[WhiteElo "2146"]
[BlackElo "2399"]
[PlyCount "71"]
[EventDate "2008.08.21"]

1. f4 c5 2. Nf3 g6 3. g3 Bg7 4. Bg2 Nf6 5. O-O O-O 6. d3 d5 7. Na3 Nc6 8. c4 b6
9. Bd2 Bb7 10. Rb1 e6 11. Qe1 dxc4 12. Ne5 Qc8 13. Naxc4 Rd8 14. Qf2 Qc7 15.
Bxc6 Bxc6 16. Nxc6 Qxc6 17. Ne5 Qa4 18. Qf3 Qxa2 19. Qb7 Rf8 20. Nxf7 Qd5 21.
Qxd5 exd5 22. Ng5 Rfe8 23. Rfe1 a5 24. e3 c4 25. dxc4 dxc4 26. Bc3 b5 27. e4 b4
28. Be5 a4 29. Rbd1 h6 30. Nf3 Rad8 31. Nd4 c3 32. bxc3 b3 33. Ra1 Ra8 34. Re2
Nd7 35. Bxg7 Kxg7 36. e5 1/2-1/2

[Event "XX Festival A"]
[Site "Porto San Giorgio ITA"]
[Date "2008.08.24"]
[Round "4"]
[White "Giobbi, Costantino"]
[Black "Schweizer, Manfred"]
[Result "1/2-1/2"]
[WhiteElo "1972"]
[BlackElo "2117"]
[PlyCount "113"]
[EventDate "2008.08.21"]

1. e4 d6 2. d4 Nf6 3. Nc3 g6 4. Nf3 Bg7 5. Be2 O-O 6. O-O Bg4 7. h3 Bxf3 8.
Bxf3 Nc6 9. Be3 e5 10. dxe5 dxe5 11. Qxd8 Rfxd8 12. Bg5 Rd7 13. Bxf6 Bxf6 14.
Nd5 Bg5 15. c3 h5 16. Rad1 Rad8 17. Be2 Nb8 18. Rd3 c6 19. Nb4 Be7 20. Rxd7
Nxd7 21. Rd1 Bxb4 22. cxb4 Kf8 23. Bc4 Ke7 24. f3 f6 25. Kf2 Nf8 26. Rxd8 Kxd8
27. h4 Ke7 28. b5 cxb5 29. Bxb5 g5 30. g4 hxg4 31. h5 gxf3 32. Kxf3 Kf7 33. Kg4
a6 34. Ba4 b5 35. Bb3+ Kg7 36. a4 b4 37. Bc4 a5 38. Kf5 Nd7 39. Bb5 Nc5 40. Bc6
b3 41. Bb5 g4 42. Kxg4 Nxe4 43. h6+ Kxh6 44. Kf5 Nd6+ 45. Kxf6 e4 46. Be2 Nb7
47. Ke5 Nc5 48. Kd4 Nxa4 49. Bd1 Nxb2 50. Bxb3 Nd3 51. Bd5 Nf2 52. Bxe4 Nxe4
53. Kxe4 a4 54. Kd4 a3 55. Kc3 a2 56. Kb2 a1=Q+ 57. Kxa1 1/2-1/2

[Event "XX Festival A"]
[Site "Porto San Giorgio ITA"]
[Date "2008.08.24"]
[Round "4"]
[White "Gordon, Stephen J."]
[Black "Aleksic, Nenad"]
[Result "1/2-1/2"]
[WhiteElo "2508"]
[BlackElo "2371"]
[PlyCount "79"]
[EventDate "2008.08.21"]

1. d4 Nf6 2. c4 e6 3. Nf3 b6 4. Nc3 Bb4 5. Bg5 Bb7 6. Nd2 h6 7. Bh4 Nc6 8. e3
Bxc3 9. bxc3 g5 10. Bg3 d6 11. h4 Rg8 12. hxg5 hxg5 13. Rh6 Qe7 14. Qf3 Rg6 15.
Rxg6 fxg6 16. c5 O-O-O 17. cxd6 cxd6 18. Qd1 Rh8 19. Qc2 Rh6 20. Ne4 Nxe4 21.
Qxe4 Na5 22. Qg4 Rh1 23. O-O-O Kc7 24. Bd3 Rxd1+ 25. Kxd1 Bd5 26. Qe2 Qd7 27.
e4 Bc6 28. Kd2 Kb7 29. Ba6+ Ka8 30. Qg4 Bb5 31. Bxb5 Qxb5 32. Kc1 Nc4 33. Qe2
Kb7 34. f3 Qa4 35. Be1 d5 36. g4 Qa3+ 37. Kb1 Qa4 38. Kc1 Qa3+ 39. Kb1 Qa4 40.
Kc1 1/2-1/2

[Event "XX Festival A"]
[Site "Porto San Giorgio ITA"]
[Date "2008.08.24"]
[Round "4"]
[White "Lantini, Marco"]
[Black "Erdos, Viktor"]
[Result "0-1"]
[WhiteElo "2212"]
[BlackElo "2576"]
[PlyCount "62"]
[EventDate "2008.08.21"]

1. d4 Nf6 2. c4 e6 3. Nf3 c5 4. d5 b5 5. Bg5 exd5 6. cxd5 d6 7. e3 a6 8. a4 b4
9. Bxf6 Qxf6 10. Ra2 Bb7 11. Bc4 g6 12. Nbd2 Bg7 13. Ne4 Qe7 14. Qd3 O-O 15.
O-O a5 16. b3 Nd7 17. Ng3 Nb6 18. Rc1 Rab8 19. Rd1 Rfe8 20. Bb5 Nxd5 21. Bxe8
Nc3 22. Bxf7+ Qxf7 23. Ng5 Qd5 24. Qxd5+ Bxd5 25. Rxd5 Nxd5 26. Rc2 Nb6 27.
N3e4 c4 28. Ne6 cxb3 29. Rc7 Bh8 30. Nd4 b2 31. Nd2 Bxd4 0-1

[Event "XX Festival A"]
[Site "Porto San Giorgio ITA"]
[Date "2008.08.24"]
[Round "4"]
[White "Maiorov, Nikita"]
[Black "Buono, Michele"]
[Result "1-0"]
[WhiteElo "2535"]
[BlackElo "2194"]
[PlyCount "69"]
[EventDate "2008.08.21"]

1. d4 d5 2. c4 c6 3. Nc3 Nf6 4. e3 e6 5. Nf3 Nbd7 6. Qc2 Bd6 7. b3 O-O 8. Be2
Qe7 9. O-O dxc4 10. bxc4 e5 11. Rd1 Re8 12. a4 a5 13. Qb3 e4 14. Nd2 Qe6 15.
Ba3 Bc7 16. Nf1 Qf5 17. Qc2 Qg5 18. d5 Qh4 19. Ng3 Be5 20. Rab1 Nf8 21. dxc6
bxc6 22. Bd6 Bg4 23. Bxe5 Rxe5 24. Rd6 Bxe2 25. Qxe2 Ng4 26. h3 Nf6 27. Rxc6
Ne6 28. Rb5 Rg5 29. Nf5 Rxf5 30. Rxf5 g6 31. g3 Qxh3 32. Rxf6 Ng5 33. Rc5 h6
34. Rf4 Kg7 35. Nxe4 1-0

[Event "XX Festival A"]
[Site "Porto San Giorgio ITA"]
[Date "2008.08.24"]
[Round "4"]
[White "Mircoli, Filippo"]
[Black "Sbraccia, Giovanni"]
[Result "0-1"]
[WhiteElo "1834"]
[BlackElo "2106"]
[PlyCount "26"]
[EventDate "2008.08.21"]

1. e4 c6 2. d4 d5 3. exd5 cxd5 4. c4 Nf6 5. Nc3 g6 6. Bg5 Bg7 7. Nf3 O-O 8. Bd3
Be6 9. c5 Nc6 10. O-O Bg4 11. Be2 Ne4 12. h3 Bxf3 13. Bxf3 Nxg5 0-1